A százas bizotság

Informácia o tom, že zasadala komisia "Stovka" [zriadená z municípia Zemplínskej župy na podporu nezávislosti] 12. januára 1906. JUDr. Alex (Elek) Ferenczy [pôsobil v komisii o.i. aj v Stankovanoch a Nacinej Vsi] - navrhol tisíc korún na podporu úradníctva Zemplínskej župy

Podrobná bibliografia
Médium: Článok
Jazyk:Hungarian
Témy:
Zdroj: 1. Zemplén : Politikai hirlap 1. Roč. 34, č. 4 (13.01.1906) s. 2
LEADER 01474nab#a2200397#ar4500
001 000101513
003 SVKKK
005 20100804115805.0
008 080707d1906 xo |||||||||||||||b|hun
FMT
038 |a SVKKK 
040 |a SVKKK  |b slo  |e AACR2 
041 0 |a hun 
044 |a xo  |c SK 
080 |a 353  |2 1997 
242 1 0 |a Zasadanie komisie "Stovka" - 1000 korunový dar  |y slo 
245 1 2 |a A százas bizotság 
500 |a Dohľadanie 
520 2 |a Informácia o tom, že zasadala komisia "Stovka" [zriadená z municípia Zemplínskej župy na podporu nezávislosti] 12. januára 1906. JUDr. Alex (Elek) Ferenczy [pôsobil v komisii o.i. aj v Stankovanoch a Nacinej Vsi] - navrhol tisíc korún na podporu úradníctva Zemplínskej župy 
600 1 4 |a Ferenczy, Alex  |d 18??-19??  |x advokát  |z Stankovany, Nacina Ves (Slovensko), Sátoraljaújhely (Slovensko/Maďarsko)  |x pôsobenie 
610 2 4 |a komisia "Stovka" (Sátoraljaújhely, Slovensko/Maďarsko) 
650 0 4 |a zasadanie  |x dar finančný (1000 korún)  |z Sátoraljaújhely (Slovensko/Maďarsko)  |x 1906 
655 4 |a hungariká 
773 0 |t Zemplén : Politikai hirlap  |g Roč. 34, č. 4 (13.01.1906) s. 2 
957 |a Sátoraljaújhely 
957 |a Stankovany 
957 |a Nacina Ves 
958 |a DG 
958 |a HU 
974 |a Ba 
992 |a RBX 
997 |a Ferenczy, Elek p. Ferenczy, Alex  |d Stankovany 
997 |d Nacina Ves 
997 |d Sátoraljaújhely 
BAS
998 |a RETRO